<?xml version="1.0" encoding="UTF-8"?>
<record
    xmlns:xsi="http://www.w3.org/2001/XMLSchema-instance"
    xsi:schemaLocation="http://www.loc.gov/MARC21/slim http://www.loc.gov/standards/marcxml/schema/MARC21slim.xsd"
    xmlns="http://www.loc.gov/MARC21/slim">

  <leader>00367nam a22001457a 4500</leader>
  <datafield tag="020" ind1=" " ind2=" ">
    <subfield code="a">9787119130927</subfield>
  </datafield>
  <datafield tag="082" ind1=" " ind2=" ">
    <subfield code="a">335.4345</subfield>
    <subfield code="b">JIN</subfield>
  </datafield>
  <datafield tag="100" ind1=" " ind2=" ">
    <subfield code="a">Xi Jinping</subfield>
  </datafield>
  <datafield tag="245" ind1=" " ind2=" ">
    <subfield code="a">The Governance of China &#x2013; Volume IV</subfield>
  </datafield>
  <datafield tag="260" ind1=" " ind2=" ">
    <subfield code="c">2022.</subfield>
    <subfield code="a">China:</subfield>
    <subfield code="b">Foreign Language publishing;</subfield>
  </datafield>
  <datafield tag="300" ind1=" " ind2=" ">
    <subfield code="a">575p</subfield>
  </datafield>
  <datafield tag="563" ind1=" " ind2=" ">
    <subfield code="a">PB</subfield>
  </datafield>
  <datafield tag="650" ind1=" " ind2=" ">
    <subfield code="a">Governance, politics</subfield>
    <subfield code="9">132160</subfield>
  </datafield>
  <datafield tag="942" ind1=" " ind2=" ">
    <subfield code="2">ddc</subfield>
    <subfield code="c">BK</subfield>
  </datafield>
  <datafield tag="999" ind1=" " ind2=" ">
    <subfield code="c">615424</subfield>
    <subfield code="d">615424</subfield>
  </datafield>
  <datafield tag="952" ind1=" " ind2=" ">
    <subfield code="0">0</subfield>
    <subfield code="1">0</subfield>
    <subfield code="2">ddc</subfield>
    <subfield code="3">Donated by China Study Centre (CSC) - S3H NUST</subfield>
    <subfield code="4">0</subfield>
    <subfield code="6">335_434500000000000_JIN</subfield>
    <subfield code="7">0</subfield>
    <subfield code="9">643426</subfield>
    <subfield code="a">CL</subfield>
    <subfield code="b">CL</subfield>
    <subfield code="c">CHIST</subfield>
    <subfield code="d">2025-11-28</subfield>
    <subfield code="e">Donation</subfield>
    <subfield code="l">0</subfield>
    <subfield code="o">335.4345 JIN</subfield>
    <subfield code="p">CL-D-3131</subfield>
    <subfield code="r">2025-11-29</subfield>
    <subfield code="w">2025-11-29</subfield>
    <subfield code="y">BK</subfield>
  </datafield>
  <datafield tag="952" ind1=" " ind2=" ">
    <subfield code="0">0</subfield>
    <subfield code="1">0</subfield>
    <subfield code="2">ddc</subfield>
    <subfield code="3">Donated by China Study Centre (CSC) - S3H NUST</subfield>
    <subfield code="4">0</subfield>
    <subfield code="6">335_434500000000000_JIN</subfield>
    <subfield code="7">0</subfield>
    <subfield code="9">643427</subfield>
    <subfield code="a">CL</subfield>
    <subfield code="b">CL</subfield>
    <subfield code="c">CHIST</subfield>
    <subfield code="d">2025-11-28</subfield>
    <subfield code="e">Donation</subfield>
    <subfield code="l">0</subfield>
    <subfield code="o">335.4345 JIN</subfield>
    <subfield code="p">CL-D-3132</subfield>
    <subfield code="r">2025-11-29</subfield>
    <subfield code="w">2025-11-29</subfield>
    <subfield code="y">BK</subfield>
  </datafield>
  <datafield tag="952" ind1=" " ind2=" ">
    <subfield code="0">0</subfield>
    <subfield code="1">0</subfield>
    <subfield code="2">ddc</subfield>
    <subfield code="3">Donated by China Study Centre (CSC) - S3H NUST</subfield>
    <subfield code="4">0</subfield>
    <subfield code="6">335_434500000000000_JIN</subfield>
    <subfield code="7">0</subfield>
    <subfield code="9">643428</subfield>
    <subfield code="a">CL</subfield>
    <subfield code="b">CL</subfield>
    <subfield code="c">CHIST</subfield>
    <subfield code="d">2025-11-28</subfield>
    <subfield code="e">Donation</subfield>
    <subfield code="l">0</subfield>
    <subfield code="o">335.4345 JIN</subfield>
    <subfield code="p">CL-D-3133</subfield>
    <subfield code="r">2025-11-29</subfield>
    <subfield code="w">2025-11-29</subfield>
    <subfield code="y">BK</subfield>
  </datafield>
  <datafield tag="952" ind1=" " ind2=" ">
    <subfield code="0">0</subfield>
    <subfield code="1">0</subfield>
    <subfield code="2">ddc</subfield>
    <subfield code="3">Donated by China Study Centre (CSC) - S3H NUST</subfield>
    <subfield code="4">0</subfield>
    <subfield code="6">335_434500000000000_JIN</subfield>
    <subfield code="7">0</subfield>
    <subfield code="9">643429</subfield>
    <subfield code="a">CL</subfield>
    <subfield code="b">CL</subfield>
    <subfield code="c">CHIST</subfield>
    <subfield code="d">2025-11-28</subfield>
    <subfield code="e">Donation</subfield>
    <subfield code="l">0</subfield>
    <subfield code="o">335.4345 JIN</subfield>
    <subfield code="p">CL-D-3134</subfield>
    <subfield code="r">2025-11-29</subfield>
    <subfield code="w">2025-11-29</subfield>
    <subfield code="y">BK</subfield>
  </datafield>
  <datafield tag="952" ind1=" " ind2=" ">
    <subfield code="0">0</subfield>
    <subfield code="1">0</subfield>
    <subfield code="2">ddc</subfield>
    <subfield code="3">Donated by China Study Centre (CSC) - S3H NUST</subfield>
    <subfield code="4">0</subfield>
    <subfield code="6">335_434500000000000_JIN</subfield>
    <subfield code="7">0</subfield>
    <subfield code="9">643430</subfield>
    <subfield code="a">CL</subfield>
    <subfield code="b">CL</subfield>
    <subfield code="c">CHIST</subfield>
    <subfield code="d">2025-11-28</subfield>
    <subfield code="e">Donation</subfield>
    <subfield code="l">0</subfield>
    <subfield code="o">335.4345 JIN</subfield>
    <subfield code="p">CL-D-3135</subfield>
    <subfield code="r">2025-11-29</subfield>
    <subfield code="w">2025-11-29</subfield>
    <subfield code="y">BK</subfield>
  </datafield>
  <datafield tag="952" ind1=" " ind2=" ">
    <subfield code="0">0</subfield>
    <subfield code="1">0</subfield>
    <subfield code="2">ddc</subfield>
    <subfield code="3">Donated by China Study Centre (CSC) - S3H NUST</subfield>
    <subfield code="4">0</subfield>
    <subfield code="6">335_434500000000000_JIN</subfield>
    <subfield code="7">0</subfield>
    <subfield code="9">643431</subfield>
    <subfield code="a">CL</subfield>
    <subfield code="b">CL</subfield>
    <subfield code="c">CHIST</subfield>
    <subfield code="d">2025-11-28</subfield>
    <subfield code="e">Donation</subfield>
    <subfield code="l">0</subfield>
    <subfield code="o">335.4345 JIN</subfield>
    <subfield code="p">CL-D-3136</subfield>
    <subfield code="r">2025-11-29</subfield>
    <subfield code="w">2025-11-29</subfield>
    <subfield code="y">BK</subfield>
  </datafield>
  <datafield tag="952" ind1=" " ind2=" ">
    <subfield code="0">0</subfield>
    <subfield code="1">0</subfield>
    <subfield code="2">ddc</subfield>
    <subfield code="3">Donated by China Study Centre (CSC) - S3H NUST</subfield>
    <subfield code="4">0</subfield>
    <subfield code="6">335_434500000000000_JIN</subfield>
    <subfield code="7">0</subfield>
    <subfield code="9">643432</subfield>
    <subfield code="a">CL</subfield>
    <subfield code="b">CL</subfield>
    <subfield code="c">CHIST</subfield>
    <subfield code="d">2025-11-28</subfield>
    <subfield code="e">Donation</subfield>
    <subfield code="l">0</subfield>
    <subfield code="o">335.4345 JIN</subfield>
    <subfield code="p">CL-D-3137</subfield>
    <subfield code="r">2025-11-29</subfield>
    <subfield code="w">2025-11-29</subfield>
    <subfield code="y">BK</subfield>
  </datafield>
  <datafield tag="952" ind1=" " ind2=" ">
    <subfield code="0">0</subfield>
    <subfield code="1">0</subfield>
    <subfield code="2">ddc</subfield>
    <subfield code="3">Donated by China Study Centre (CSC) - S3H NUST</subfield>
    <subfield code="4">0</subfield>
    <subfield code="6">335_434500000000000_JIN</subfield>
    <subfield code="7">0</subfield>
    <subfield code="9">643433</subfield>
    <subfield code="a">CL</subfield>
    <subfield code="b">CL</subfield>
    <subfield code="c">CHIST</subfield>
    <subfield code="d">2025-11-28</subfield>
    <subfield code="e">Donation</subfield>
    <subfield code="l">0</subfield>
    <subfield code="o">335.4345 JIN</subfield>
    <subfield code="p">CL-D-3140</subfield>
    <subfield code="r">2025-11-29</subfield>
    <subfield code="w">2025-11-29</subfield>
    <subfield code="y">BK</subfield>
  </datafield>
</record>
